1188 1074 1046 1512 1303 1449 1468 1143 1051 1853 1844 1946 1926 1243 1790 1019 1116 1302 1780 1696 1419 1606 1433 1011 1565 1227 1194 1638 1236 1237 1689 1003 1351 1970 1121 1213 1810 1428 1568 1727 1305 1542 1127 1619 1061 1389 1113 1556 1699 1595 1191 1361 1627 1243 1229 1328 1925 1033 1050 1415 1508 1862 1196 1086 1945 1716 1490 1136 1866 1313 1350 1629 1511 1326 1314 1674 1544 1444 1954 1636 1212 1033 1428 1821 1549 1389 1775 1173 1680 1849 1240 1817 1057 1524 1792 1909 1511 1708 1110 BCNSPRNW ULIB Ver.6.0+V

เปลี่ยนเป็นภาษาไทย

Change to English
 แสดงรายละเอียดบรรณานุกรม
  กลับหน้าหลัก

Brief Record : Get Marc (ISO 2709) : E-mail record : QR code < ปิดหน้าต่าง
LEADER : 00000nam 2200000uu 4500
001    13399127093
003     ULIB
008    020711s2557 th a 000 0 tha d
020    ^a9786162273261
060    ^aWS103^bต-ย
100    ^aตุ๊บป่อง
245    ^aยา หย่า ย่า ชุดชวนท่องร้องเล่น
250    ^aพิมพ์ครั้งที่ 1
260    ^aกรุงเทพฯ :^bบริษัท แปลน ฟอร์ คิดส์ จำกัด,^c2557
300    ^a17 หน้า;^b21 ซม.
650    ^aเด็ก^xการเรียนการสอน
945    ^p85^l0^i006281
999    ^aประนอม เกษจรัล
รายการนี้ยังไม่มีแท็ก
คุณยังไม่ได้ล็อกอิน คุณสามารถมีกิจกรรมร่วมกับเว็บไซต์ได้ แต่ต้องล็อกอินก่อน ::
  ล็อกอิน

รายการสื่อสารสนเทศ

ลำดับที่ ประเภท เลขเรียก/บาร์โค้ด สถานที่ สถานะ
1. วิทยาศาสตร์การแพทย์ และสุขภาพ
วิทยาศาสตร์การแพทย์ และสุขภาพ
WS103 ต-ย ฉ.1 
  Barcode: 006281
ห้องสมุดวิทยาเขตสวรรค์ประชารักษ์
►หนังสือทั่วไป
บนชั้น

รายการใกล้เคียง
    ผู้แต่ง [ตุ๊บป่อง]

BibComment


ยังไม่เคยถูกคอมเมนท์

คอมเมนท์ทรัพยากรรายการนี้
  คอมเมนท์: ยา หย่า ย่า ชุดช..


 Copyright 2026. Bcnsprnw @Library